Sâu bệnh chính hại một số cây thực phẩm và biện pháp quản lý

Bewaard in:
Bibliografische gegevens
Hoofdauteur: Phạm, Thị Nhất
Formaat: Boek
Taal:Undetermined
Gepubliceerd in: Hà Nội Nông Nghiệp 2000
Onderwerpen:
Tags: Voeg label toe
Geen labels, Wees de eerste die dit record labelt!
Thư viện lưu trữ: Trung tâm Học liệu Trường Đại học Cần Thơ
LEADER 00655nam a2200193Ia 4500
001 CTU_39367
008 210402s9999 xx 000 0 und d
020 |c 10500 
082 |a 632.7 
082 |b Nh124 
100 |a Phạm, Thị Nhất 
245 0 |a Sâu bệnh chính hại một số cây thực phẩm và biện pháp quản lý 
245 0 |c Phạm Thị Nhất 
260 |a Hà Nội 
260 |b Nông Nghiệp 
260 |c 2000 
650 |a Insect pests,Insects as carriers of diseases,Plant diseases,Plants, protection of 
904 |i Minh, 001111 
980 |a Trung tâm Học liệu Trường Đại học Cần Thơ